Statistics for Countries Bordering Bulgaria

Click here to take the quiz!

General Stats

  • This quiz has been taken 265 times
  • The average score is 5 of 5

Answer Stats

Country % Correct
Romania
98%
Greece
96%
Serbia
96%
Turkey
96%
Macedonia
94%

Score Distribution

Percentile by Number Answered

Percent of People with Each Score

Your Score History

You have not taken this quiz